K diskusii medzi českým mediálnym stredným prúdom a jeho ľavicovou alternatívou z pohľadu ľavice

Kvalita a charakter interakcie medzi aktérmi v českej mediálnej sfére. Výskum vypĺňa medzeru vo výskumnej sfére tým, že sa zaoberá špecifickou interakciou ideologických oponentov medzi novinármi.

Gespeichert in:
Bibliographische Detailangaben
1. Verfasser: Dukátová, Zuzana
Weitere Verfasser: Augustín, Michael, 1991-, Profant, Tomáš Imrich, 1983-
Format: Buchkapitel
Sprache:Slowakisch
Schlagworte:
Tags: Tag hinzufügen
Keine Tags, Fügen Sie das erste Tag hinzu!

MARC

LEADER 00000naa a2200000 4500
001 0280263
005 20240502074341.0
041 0 |a slo 
044 |a SK 
245 1 0 |a K diskusii medzi českým mediálnym stredným prúdom a jeho ľavicovou alternatívou z pohľadu ľavice  |c Zuzana Dukátová, Michael Augustín, Tomáš Profant 
520 |a Kvalita a charakter interakcie medzi aktérmi v českej mediálnej sfére. Výskum vypĺňa medzeru vo výskumnej sfére tým, že sa zaoberá špecifickou interakciou ideologických oponentov medzi novinármi. 
610 2 0 |a médiá 
610 2 0 |a politika 
610 2 0 |a demokracia 
610 2 0 |a liberalizmus 
100 1 |a Dukátová, Zuzana 
700 1 |a Augustín, Michael, 1991- 
700 1 |a Profant, Tomáš Imrich, 1983-